Complete the Movie Title (2017) - Statistics

General Stats
  • This quiz has been taken 530 times
  • The average score is 19 of 25
Answer Stats
Hint Answer % Correct
Beauty and the _____ Beast
97%
Spider-Man: _____ Homecoming
94%
Wonder _____ Woman
93%
Star Wars: Episode VIII - The Last _____ Jedi
92%
The Greatest _____ Showman
92%
Assassin’s _____ Creed
91%
_____ on the Orient Express Murder
90%
_____ Driver Baby
89%
Kong: _____ Island Skull
89%
The _____ Movie Emoji
87%
The _____ of the Furious Fate
84%
King Arthur: Legend of the _____ Sword
83%
Smurfs: The Lost _____ Village
79%
The Hitman’s _____ Bodyguard
77%
Diary of a Wimpy Kid: The Long _____ Haul
76%
_____ for the Planet of the Apes War
75%
Atomic _____ Blonde
74%
The Zookeeper’s _____ Wife
73%
Hidden _____ Figures
71%
Kingsman: The Golden _____ Circle
70%
The Dark _____ Tower
56%
Valerian and the City of a Thousand ______ Planets
54%
Underworld: Blood _____ Wars
54%
The Great _____ Wall
52%
The _____ Between Us Mountain
45%
No matching quizzes found
Score Distribution
Percent of People with Each Score
Percentile by Number Answered
Your Score History
You have not taken this quiz